000 00626nam a22002051a 4500
001 10760
003 OSt
005 20260204212212.0
008 100223s2007||||ck ||||||b||||||||||spa||
020 _a9789786484794
050 _a658.7 H42g
100 _aHeredia Viveros, Nohora Ligia
245 _aGerencia de compras: la nueva estrategia competitiva / Nohora Ligia Heredia Viveros
264 _aColombia : Ecoe Ediciones
300 _a263 p
490 _aColección textos universitario, Area administrativa
500 _aIncluye bibliografía
650 _aCompras 2.Administración de MercadeoÌ
942 _2ddc
_cBK
999 _c10760
_d10760